01349 a2200205 45000010006000000050017000060080041000230030015000640400040000790800092001192450084002110200022002952500012003172640034003293000019003635050563003821000029009457000028009748560141010022120320260407155502.0260407a2013 arg spa dAR-UNSa-BCEJYS aAR-UNSa-BCEJYSbspacAR-UNSa-BCEJYS a336.226.111xImpuestos sobre ingresos totales (Ingresos brutos - Convenio Multilateral)10aConvenio multilateral, Impuestos internos, monotributopExplicados y comentados a978-987-01-1458-1 a5a. ed. 1aBuenos Aires :bErreparc2013 a126 p.c27 cm. aCONVENIO MULTILATERAL: 1. Introducción - 2. Ámbito de aplicación del convenio multilateral - 3. Régimen general - 4. Regímenes especiales - 5. Iniciación y cese de actividades - 6. Organismos de aplicación - IMPUESTOS INTERNOS: 1. Aspetos generales - 2. Hecho imponible - 3. Exenciones - 4. Liquidación de Impuestos - 5. Pago del Impuesto - 6. Alícuotas - MONOTRIBUTO: 1. Antecedentes - 2. Características generales - 3. Liquidación de gravamen - 4. Abandono del régimen simplificado - 5. Interrelación con otras normas impositiva 1 aCeldeiro, Ernesto Carlos1 aImirizaldu, Juan José41uhttps://biblioeco.unsa.edu.ar/pmb/images/libros/Convenio Multilateral Impuestos Internos Monotributo .jpgyImagen de portadaqimage/jpeg